000
00327nam a22001457a 4500
008
221104b ||||| |||| 00| 0 eng d
020
_a
0070399158
041
_a
eng
080
_a
610.73
082
_a
610.73MAN
100
_a
8
101
_a
INF
245
_a
CHILD AND ADOLESECENT DEVELOPMENT
_c
MANNING S
942
_2
udc
_c
BK
999
_c
58750
_d
58750